Rules and tools for leaders ,a down to earth guide to effective managing (Record no. 570366)
[ view plain ]
| 000 -LEADER | |
|---|---|
| fixed length control field | 00544nam a22001817a 4500 |
| 003 - CONTROL NUMBER IDENTIFIER | |
| control field | CEME |
| 005 - DATE AND TIME OF LATEST TRANSACTION | |
| control field | 20210628202616.0 |
| 008 - FIXED-LENGTH DATA ELEMENTS--GENERAL INFORMATION | |
| fixed length control field | 210120b xxu||||| |||| 00| 0 eng d |
| 020 ## - INTERNATIONAL STANDARD BOOK NUMBER | |
| International Standard Book Number | 0-89529-835-X |
| 040 ## - CATALOGING SOURCE | |
| Transcribing agency | ceme |
| 082 ## - DEWEY DECIMAL CLASSIFICATION NUMBER | |
| Classification number | 658.4092 SMI |
| 100 ## - MAIN ENTRY--PERSONAL NAME | |
| Personal name | Smith, Perry . M .Maj Gen |
| 9 (RLIN) | 60695 |
| 245 ## - TITLE STATEMENT | |
| Title | Rules and tools for leaders ,a down to earth guide to effective managing |
| 260 ## - PUBLICATION, DISTRIBUTION, ETC. | |
| Place of publication, distribution, etc. | NEW YORK |
| Name of publisher, distributor, etc. | PAF BOOK CLUB |
| Date of publication, distribution, etc. | 2002 |
| 300 ## - PHYSICAL DESCRIPTION | |
| Extent | XX,II,296 P |
| 650 ## - SUBJECT ADDED ENTRY--TOPICAL TERM | |
| Topical term or geographic name entry element | LEADERSHIP, EXECUTIVES, MANAGEMENT, ORGANIZATION |
| 9 (RLIN) | 60696 |
| 942 ## - ADDED ENTRY ELEMENTS (KOHA) | |
| Koha item type | Book |
| Source of classification or shelving scheme | |
| Withdrawn status | Lost status | Damaged status | Not for loan | Permanent Location | Current Location | Shelving location | Date acquired | Total Checkouts | Full call number | Barcode | Date last seen | Price effective from | Koha item type |
|---|---|---|---|---|---|---|---|---|---|---|---|---|---|
| College of Electrical & Mechanical Engineering (CEME) | College of Electrical & Mechanical Engineering (CEME) | General Stacks | 07/19/2017 | 658.4092 SMI | CEME-42310 | 06/28/2021 | 06/28/2021 | Book |
